| Tag |
First Indicator |
Second Indicator |
Subfields |
| LEADER |
00000cam a2200000 a 4500 |
| 001 |
in00000091236 |
| 005 |
20230925145553.0 |
| 008 |
800729s1980 nyua b 000 0 eng d |
| 035 |
|
|
|a (OCoLC)06563436
|
| 035 |
|
|
|9 AAK6827AM
|
| 040 |
|
|
|a KUK
|c KUK
|d TXA
|d UtOrBLW
|
| 049 |
|
|
|a TXAM
|c [1655693]
|
| 090 |
|
|
|a TA418.8
|b A4
|
| 245 |
0 |
0 |
|a AIChE equipment testing procedure, particle size classifiers :
|b a guide to performance evaluation /
|c prepared by the Equipment Testing Procedures Committee.
|
| 264 |
|
1 |
|a New York, N.Y. :
|b The Institute,
|c [1980]
|
| 264 |
|
4 |
|c ©1980
|
| 300 |
|
|
|a 16 pages :
|b illustrations ;
|c 28 cm.
|
| 336 |
|
|
|a text
|b txt
|2 rdacontent
|
| 337 |
|
|
|a unmediated
|b n
|2 rdamedia
|
| 338 |
|
|
|a volume
|b nc
|2 rdacarrier
|
| 504 |
|
|
|a Bibliography: page 16.
|
| 650 |
|
0 |
|a Particle size determination.
|
| 710 |
2 |
|
|a American Institute of Chemical Engineers.
|b Equipment Testing Procedures Committee.
|
| 740 |
0 |
|
|a Particle size classifiers : a guide to performance evaluation.
|
| 999 |
|
|
|a MARS
|
| 999 |
f |
f |
|s e3c37671-b0a6-3e5d-967d-f37d8aa1f251
|i 42bffbd1-0cbe-34a1-8cfd-e608079cc959
|t 0
|
| 952 |
f |
f |
|p ric
|a Texas A&M University
|b Rellis Campus
|c Joint Library Facility
|d Remote Storage
|t 0
|e TA418.8 A4
|h Library of Congress classification
|i unmediated -- volume
|m A14806017905
|
| 998 |
f |
f |
|a TA418.8 A4
|t 0
|l Remote Storage
|